000 00680nas a2200241 4500
001 BR9703220
003 BR-BrBNA
005 20231205100353.0
007 ta
008 230509b bl.|||p| |||| 00| 00por d
040 _aBR-BrBNA
_bpor
_cBiblioteca Nacional de Agricultura
041 _a(Pt)
072 _aF70
100 1 _aPrado, J.
100 1 _aWindisch, P.G.
245 1 _aFlora da Serra do Cipo, Minas Gerais: Dennstaedtiaceae
650 _aPteridofita
650 _aFlora
650 _aMinas Gerais
773 0 _tBoletim de Botanica (Brazil)
_xISSN 0302-2439
_g(1996), v. 15 p. 83-88
_wBR9703220
909 _a202311
_bLúcia
_c55
_dLúcia Elande
942 _2AGRIS
_n0
_cANA
999 _c155638
_d155638